| 000 | 01006nam0a22002651 4500 | ||
|---|---|---|---|
| 001 | rc\2604212 | ||
| 005 | 20250623132245.0 | ||
| 035 | _a(NLR Aleph) 006768231 | ||
| 090 |
_a5916741 _c5916740 |
||
| 100 | _a20110914d1930 |||y0rusy50 ca | ||
| 101 | 0 | _arus | |
| 102 | _aRU | ||
| 105 | _aa z ||||| | ||
| 200 | 1 |
_aКак пионеры работали на огородных грядках... _fЕ. А. Валерьянова |
|
| 205 | _a2-е изд., перераб. | ||
| 210 |
_aМосква _aЛенинград _cГос. изд-во _d1930 _eМосква _gтип. изд-ва "Дер эмес" |
||
| 215 |
_a30, [2] с. _cил. _d20х13 см. |
||
| 225 | 1 | _aШкольники в борьбе за урожай | |
| 700 | 1 |
_4070 _7ca _8rus _aВалерьянова _bЕ. А. _f1885-1970 _gЕкатерина Александровна _9244516 _3RU\NLR\AUTH\770244572 |
|
| 801 | 0 |
_aRU _bNLR _gpsbo |
|
| 801 | 1 |
_aRU _bELAR _2rusmarc |
|
| 852 |
_aNLR _j30.10/3066 |
||
| 942 | _cBOOK | ||
| 980 | _aNB | ||